[Event "Sherbrooke op-B"]
[Site "Sherbrooke CAN"]
[Date "2004.05.30"]
[Round "5"]
[White "Saziouk, Alexandre"]
[Black "Fecteau, Denis"]
[Result "1/2-1/2"]
[WhiteElo "1774"]
[BlackElo "1658"]
[PlyCount "130"]
[GameId "2160767911158363"]
[EventDate "2004.05.??"]
[EventType "swiss"]
[EventRounds "5"]
[EventCountry "CAN"]
[SourceTitle "EXT 2005"]
[Source "ChessBase"]
[SourceDate "2004.11.15"]
[SourceVersion "1"]
[SourceVersionDate "2004.11.15"]
[SourceQuality "1"]

1. d4 Nf6 2. c4 g6 3. Nc3 Bg7 4. e4 d6 5. Nf3 O-O 6. Be2 Nbd7 7. h3 e5 8. d5 Nc5 9. Bg5 a5 10. Qc2 h6 11. Be3 b6 12. g4 h5 13. Nh2 hxg4 14. hxg4 Nh7 15. a4 Bf6 16. Nb5 Bg5 17. Nf1 Bxe3 18. Nxe3 Ng5 19. f3 Bd7 20. O-O-O Bxb5 21. cxb5 Kg7 22. b3 Qf6 23. Kb2 Rh8 24. Qc3 Qf4 25. Ka3 Rh2 26. Rxh2 Qxh2 27. Rd2 Rh8 28. Qc2 Qg1 29. Nc4 Qa1+ 30. Qa2 Qc3 31. Qc2 Qb4+ 32. Ka2 Rh3 33. Nb2 Nxf3 34. Bxf3 Rxf3 35. Nd3 Qxe4 36. Nxc5 Qxc2+ 37. Rxc2 bxc5 38. b4 axb4 39. Rxc5 Ra3+ 40. Kb2 dxc5 41. d6 cxd6 42. b6 Rxa4 43. b7 b3 44. b8=Q Rd4 45. g5 c4 46. Kc3 Rf4 47. Qxd6 Rf5 48. Qd2 e4 49. Kxc4 b2 50. Qxb2+ Kg8 51. Qd2 Kg7 52. Kd4 f6 53. gxf6+ Kxf6 54. Kxe4 Kg7 55. Qd4+ Kf7 56. Qd7+ Kf6 57. Qd8+ Kf7 58. Qh8 Rh5 59. Qd8 Rf5 60. Qd7+ Kf6 61. Qe8 Kg7 62. Qe7+ Kg8 63. Ke3 Rh5 64. Kf4 Rf5+ 65. Ke4 Kh8 1/2-1/2

[Event "Sherbrooke op-C"]
[Site "Sherbrooke CAN"]
[Date "2004.05.28"]
[Round "1"]
[White "Allen, Marc-Antoine"]
[Black "Marcouiller, David"]
[Result "0-1"]
[WhiteElo "1451"]
[BlackElo "1185"]
[PlyCount "52"]
[GameId "2160767911217583"]
[EventDate "2004.??.??"]
[EventType "swiss"]
[EventRounds "5"]
[EventCountry "CAN"]
[SourceTitle "EXT 2006"]
[Source "ChessBase"]
[SourceDate "2005.11.24"]
[SourceVersion "1"]
[SourceVersionDate "2005.11.24"]
[SourceQuality "1"]

1. e4 c6 2. d4 d5 3. Nc3 dxe4 4. Nxe4 Bf5 5. Ng3 Bg6 6. h4 h6 7. Nf3 Nd7 8. h5 Bh7 9. Bd3 Ngf6 10. Bxh7 Nxh7 11. Qe2 Qc7 12. Bd2 e6 13. O-O-O Nb6 14. Ne4 Na4 15. c4 O-O-O 16. c5 Rd5 17. b3 Nxc5 18. dxc5 Be7 19. Be3 Nf6 20. Nxf6 Bxf6 21. Qc2 Rhd8 22. g4 Qa5 23. Rxd5 Rxd5 24. Rd1 Qa3+ 25. Kb1 Rxd1+ 26. Qxd1 Qb2# 0-1

[Event "Sherbrooke op-C"]
[Site "Sherbrooke CAN"]
[Date "2004.05.28"]
[Round "1"]
[White "Beauchesne, Jonathan"]
[Black "Rozybakiyev, Ilchin"]
[Result "0-1"]
[WhiteElo "1083"]
[BlackElo "1384"]
[PlyCount "139"]
[GameId "2160767911217584"]
[EventDate "2004.??.??"]
[EventType "swiss"]
[EventRounds "5"]
[EventCountry "CAN"]
[SourceTitle "EXT 2006"]
[Source "ChessBase"]
[SourceDate "2005.11.24"]
[SourceVersion "1"]
[SourceVersionDate "2005.11.24"]
[SourceQuality "1"]

1. e4 c5 2. Nc3 Nc6 3. g3 e6 4. Bg2 Nf6 5. d3 d5 6. f4 d4 7. Nce2 e5 8. Nf3 Bd6 9. O-O O-O 10. Kh1 h6 11. f5 b5 12. Bd2 c4 13. Qc1 Kh7 14. Bh3 b4 15. g4 Ba6 16. g5 Ng8 17. Rg1 Qc7 18. Rg4 Rfe8 19. Qg1 f6 20. gxh6 gxh6 21. Rh4 Qg7 22. Qg6+ Kh8 23. Rg1 Qxg6 24. Rxg6 Bf8 25. Ng3 Nce7 26. Rgg4 cxd3 27. cxd3 Bxd3 28. Bf1 Bxf1 29. Nxf1 a5 30. Rh3 Rec8 31. Ne1 Rab8 32. Rb3 Rc4 33. a4 Rd8 34. Ng3 Rc6 35. Nh5 Rcd6 36. Nd3 Rc6 37. Ne1 Kh7 38. Kg2 Rdc8 39. Kf2 R8c7 40. Ke2 Nc8 41. Rbg3 Nce7 42. b3 Rc8 43. Ng7 R6c7 44. Ne6 Ra7 45. Nxf8+ Rxf8 46. Rg7+ Kh8 47. Ng2 Nc6 48. R7g6 Kh7 49. Rh3 Rg7 50. Bxh6 Nxh6 51. Rhxh6+ Kg8 52. Nh4 Rxg6 53. fxg6 Rd8 54. Kd3 Ne7 55. Nf5 Nxf5 56. exf5 Re8 57. Rh4 Rc8 58. Rg4 Rc3+ 59. Ke4 Rxb3 60. Rg1 Re3+ 61. Kd5 b3 62. Rc1 Rc3 63. Rb1 d3 64. Rb2 Rc8 65. Ke6 e4 66. Kxf6 e3 67. Rxb3 e2 68. Rb7 Rf8+ 69. Kg5 e1=Q 70. h4 0-1

[Event "Sherbrooke op-C"]
[Site "Sherbrooke CAN"]
[Date "2004.05.28"]
[Round "1"]
[White "Beaudry, Marc-Andre"]
[Black "Lafleur, Sebastien"]
[Result "1-0"]
[WhiteElo "1421"]
[BlackElo "1158"]
[PlyCount "71"]
[GameId "2160767911225777"]
[EventDate "2004.??.??"]
[EventType "swiss"]
[EventRounds "5"]
[EventCountry "CAN"]

1. e4 c5 2. Nf3 d6 3. d4 Bg4 4. Bc4 cxd4 5. Bxf7+ Kd7 6. Bd5 Nc6 7. Bxc6+ bxc6 8. Qxd4 Bxf3 9. gxf3 e5 10. Qd3 Nf6 11. Nc3 a6 12. Bd2 Ke8 13. Rg1 g6 14. Qc4 Qd7 15. O-O-O d5 16. exd5 Nxd5 17. Rge1 Be7 18. Rxe5 Nb6 19. Qe4 Ra7 20. Be3 Qb7 21. Bc5 Kf7 22. Rxe7+ Qxe7 23. Bxe7 Rxe7 24. Qxc6 Rb8 25. Nd5 Nxd5 26. Qxd5+ Kf8 27. Qd6 Rbe8 28. Re1 Kf7 29. Rxe7+ Rxe7 30. Qxa6 Re1+ 31. Kd2 Re6 32. Qc4 g5 33. a4 Kf6 34. a5 Rd6+ 35. Kc3 Ke5 36. a6 1-0

[Event "Sherbrooke op-C"]
[Site "Sherbrooke CAN"]
[Date "2004.05.28"]
[Round "1"]
[White "Breton, Jules"]
[Black "Charbonneau, Yves"]
[Result "1-0"]
[WhiteElo "1460"]
[BlackElo "1222"]
[PlyCount "57"]
[GameId "2160767911225778"]
[EventDate "2004.??.??"]
[EventType "swiss"]
[EventRounds "5"]
[EventCountry "CAN"]
[SourceTitle "EXT 2006"]
[Source "ChessBase"]
[SourceDate "2005.11.24"]
[SourceVersion "1"]
[SourceVersionDate "2005.11.24"]
[SourceQuality "1"]

1. e4 c5 2. Nf3 Nc6 3. c3 g6 4. d4 cxd4 5. cxd4 Bg7 6. Be3 e6 7. Bd3 Nge7 8. Nc3 a6 9. a3 O-O 10. Rc1 d5 11. e5 Nf5 12. O-O Nxe3 13. fxe3 Na5 14. h3 b5 15. Na2 Nc4 16. Bxc4 bxc4 17. b3 cxb3 18. Qxb3 Rb8 19. Qxb8 Qa5 20. Rxc8 Qxa3 21. Rxf8+ Bxf8 22. Nc1 Qxe3+ 23. Kh1 Kg7 24. Qb7 Qf4 25. Nh2 Qxd4 26. Qxf7+ Kh6 27. Qxf8+ Kh5 28. g4+ Kg5 29. Nf3# 1-0

[Event "Sherbrooke op-C"]
[Site "Sherbrooke CAN"]
[Date "2004.05.28"]
[Round "1"]
[White "Brousseau, Stephane"]
[Black "Lavoie, Raymond"]
[Result "1-0"]
[WhiteElo "1399"]
[BlackElo "1129"]
[PlyCount "75"]
[GameId "2160767911225779"]
[EventDate "2004.??.??"]
[EventType "swiss"]
[EventRounds "5"]
[EventCountry "CAN"]
[SourceTitle "EXT 2006"]
[Source "ChessBase"]
[SourceDate "2005.11.24"]
[SourceVersion "1"]
[SourceVersionDate "2005.11.24"]
[SourceQuality "1"]

1. d4 d6 2. c4 e5 3. dxe5 Be7 4. exd6 Bxd6 5. Nc3 Nc6 6. e4 Be6 7. Nf3 Qe7 8. Be2 O-O-O 9. Bd2 Nf6 10. a3 h6 11. b4 Bg4 12. c5 Be5 13. Nxe5 Nxe5 14. Bxg4+ Nfxg4 15. O-O Qh4 16. h3 Rd3 17. Qe2 Rxh3 18. gxh3 Qxh3 19. f3 Nf6 20. Bf4 Ng6 21. Qh2 Qd7 22. Rad1 Qe6 23. Bxc7 Nd7 24. Nb5 Nge5 25. Rd5 a6 26. Bxe5 axb5 27. Rfd1 f6 28. Rxd7 fxe5 29. Qd2 Qg6+ 30. Qg2 Qf6 31. Qxg7 Qg5+ 32. Qxg5 hxg5 33. Rg7 Rh5 34. Rd5 Rh3 35. Rxe5 Kb8 36. Kg2 Rh8 37. Rexg5 Rd8 38. Rg8 1-0

[Event "Sherbrooke op-C"]
[Site "Sherbrooke CAN"]
[Date "2004.05.28"]
[Round "1"]
[White "Dubois, Lise"]
[Black "Boissonneault, Benoit"]
[Result "0-1"]
[WhiteElo "1130"]
[BlackElo "1414"]
[PlyCount "86"]
[GameId "2160767911225780"]
[EventDate "2004.??.??"]
[EventType "swiss"]
[EventRounds "5"]
[EventCountry "CAN"]
[SourceTitle "EXT 2006"]
[Source "ChessBase"]
[SourceDate "2005.11.24"]
[SourceVersion "1"]
[SourceVersionDate "2005.11.24"]
[SourceQuality "1"]

1. e4 e5 2. Nf3 d6 3. Bc4 h6 4. d4 exd4 5. O-O Bg4 6. h3 Bh5 7. Qd3 c5 8. Re1 Bg6 9. Qb3 Qb6 10. e5 dxe5 11. Nxe5 Qxb3 12. Bxb3 Ne7 13. Ba4+ Kd8 14. Bf4 Nbc6 15. Na3 Nxe5 16. Rxe5 Nc6 17. Rd5+ Kc8 18. Re1 f6 19. Nb5 Bf7 20. Nd6+ Bxd6 21. Rxd6 Re8 22. Rc1 Rd8 23. Bb3 Rxd6 24. Bxd6 Bxb3 25. cxb3 b6 26. b4 Nxb4 27. a3 Kd7 28. Bg3 Nd3 29. Rc2 Re8 30. f3 Kc6 31. b4 Kd5 32. Rd2 c4 33. Kf1 a5 34. bxa5 bxa5 35. Rd1 Nc5 36. Rb1 Nb3 37. Rb2 a4 38. Be1 c3 39. Rc2 Kc4 40. Bf2 Kd3 41. Ra2 c2 42. Be1 c1=Q 43. Kf2 Qxe1# 0-1

[Event "Sherbrooke op-C"]
[Site "Sherbrooke CAN"]
[Date "2004.05.28"]
[Round "1"]
[White "Laplante, Guy"]
[Black "Morin, Louis2"]
[Result "1-0"]
[WhiteElo "1187"]
[BlackElo "1915"]
[PlyCount "94"]
[GameId "2160767911225782"]
[EventDate "2004.??.??"]
[EventType "swiss"]
[EventRounds "5"]
[EventCountry "CAN"]

1. c4 e5 2. g3 c6 3. Bg2 d5 4. d3 Nf6 5. Nf3 Be7 6. Nxe5 O-O 7. O-O Nbd7 8. Bf4 Bd6 9. d4 Qc7 10. Nc3 Nxe5 11. c5 Nf3+ 12. Bxf3 Bxf4 13. gxf4 Qxf4 14. e3 Qh4 15. Bg2 Ng4 16. h3 Nf6 17. Qf3 Bxh3 18. Bxh3 Ne4 19. Nxe4 dxe4 20. Qg2 Rae8 21. f4 f5 22. Rf2 Re6 23. Kf1 Rg6 24. Qh2 Rg3 25. Bxf5 Qxh2 26. Be6+ Kh8 27. Rxh2 Rxe3 28. Kf2 Rf3+ 29. Ke2 R3xf4 30. Rah1 h6 31. Rg1 R4f6 32. Bg4 Rd8 33. Rh3 Rxd4 34. Rf1 Rxf1 35. Kxf1 e3 36. Be2 Rc4 37. Bxc4 Kh7 38. Rxe3 h5 39. Re7 Kh6 40. Rxb7 h4 41. Rxa7 g5 42. Ra6 g4 43. Rxc6+ Kg5 44. Rd6 Kf4 45. Rf6+ Kg3 46. Bd5 h3 47. c6 h2 1-0

[Event "Sherbrooke op-C"]
[Site "Sherbrooke CAN"]
[Date "2004.05.28"]
[Round "1"]
[White "Letourneau, Alex"]
[Black "Roy, Alexandre"]
[Result "0-1"]
[WhiteElo "1386"]
[BlackElo "1091"]
[PlyCount "54"]
[GameId "2160767911225783"]
[EventDate "2004.??.??"]
[EventType "swiss"]
[EventRounds "5"]
[EventCountry "CAN"]
[SourceTitle "EXT 2006"]
[Source "ChessBase"]
[SourceDate "2005.11.24"]
[SourceVersion "1"]
[SourceVersionDate "2005.11.24"]
[SourceQuality "1"]

1. d4 b6 2. e4 Bb7 3. Nc3 e6 4. Bd3 Nf6 5. Nf3 Be7 6. O-O O-O 7. e5 Nd5 8. Nxd5 Bxd5 9. c4 Bb7 10. Bc2 d6 11. Qd3 g6 12. Bh6 Re8 13. Qe3 Nd7 14. Ng5 Bf8 15. Qf4 Qe7 16. Nxh7 f5 17. Nxf8 Nxf8 18. Ba4 Red8 19. Bg5 Qg7 20. Bxd8 Rxd8 21. h4 Nh7 22. Rad1 g5 23. hxg5 Nxg5 24. Kh1 Kf7 25. Qg3 Rh8+ 26. Kg1 Nf3+ 27. gxf3 Bxf3 0-1

[Event "Sherbrooke op-C"]
[Site "Sherbrooke CAN"]
[Date "2004.05.28"]
[Round "1"]
[White "Mercier, Jonathan"]
[Black "Belfer, Leon"]
[Result "0-1"]
[WhiteElo "1108"]
[BlackElo "1390"]
[PlyCount "60"]
[GameId "2160767911225784"]
[EventDate "2004.??.??"]
[EventType "swiss"]
[EventRounds "5"]
[EventCountry "CAN"]
[SourceTitle "EXT 2006"]
[Source "ChessBase"]
[SourceDate "2005.11.24"]
[SourceVersion "1"]
[SourceVersionDate "2005.11.24"]
[SourceQuality "1"]

1. e4 e5 2. Nf3 Nc6 3. d4 exd4 4. Nxd4 Nxd4 5. Qxd4 d6 6. Nc3 Ne7 7. Bc4 Nc6 8. Qd3 g6 9. O-O Bg7 10. a3 Ne5 11. Qe2 Be6 12. Bxe6 fxe6 13. f4 Nd7 14. f5 Qf6 15. Nb5 O-O-O 16. Qc4 Nc5 17. Nxa7+ Kb8 18. Nb5 exf5 19. exf5 gxf5 20. Be3 Qxb2 21. Rab1 Qe5 22. Bf4 Qe4 23. Qf7 Rd7 24. Qh5 Qxc2 25. Rfe1 Nd3 26. Re8+ Rd8 27. Rxd8+ Rxd8 28. Qxf5 Rf8 29. Qd7 Nxf4 30. Qxg7 Ne2+ 0-1

[Event "Sherbrooke op-C"]
[Site "Sherbrooke CAN"]
[Date "2004.05.28"]
[Round "1"]
[White "Olivier, Luc"]
[Black "Teasdale, Alain"]
[Result "1-0"]
[WhiteElo "1175"]
[BlackElo "1442"]
[PlyCount "39"]
[GameId "2160767911225785"]
[EventDate "2004.??.??"]
[EventType "swiss"]
[EventRounds "5"]
[EventCountry "CAN"]
[SourceTitle "EXT 2006"]
[Source "ChessBase"]
[SourceDate "2005.11.24"]
[SourceVersion "1"]
[SourceVersionDate "2005.11.24"]
[SourceQuality "1"]

1. d4 d5 2. c4 c6 3. Nf3 Bf5 4. Nc3 Nf6 5. cxd5 cxd5 6. Bf4 e6 7. e3 a6 8. Be2 h6 9. Qb3 b5 10. a3 Nh5 11. Bxb8 Rxb8 12. Ne5 Qg5 13. g4 f6 14. h4 Ng3 15. hxg5 Nxh1 16. gxf5 fxe5 17. Bh5+ Kd7 18. fxe6+ Ke7 19. Qxd5 hxg5 20. Qd7+ 1-0

[Event "Sherbrooke op-C"]
[Site "Sherbrooke CAN"]
[Date "2004.05.28"]
[Round "1"]
[White "Pronce, Christian"]
[Black "Roy, Samuel"]
[Result "1-0"]
[WhiteElo "1190"]
[BlackElo "1453"]
[PlyCount "113"]
[GameId "2160767911225787"]
[EventDate "2004.??.??"]
[EventType "swiss"]
[EventRounds "5"]
[EventCountry "CAN"]
[SourceTitle "EXT 2006"]
[Source "ChessBase"]
[SourceDate "2005.11.24"]
[SourceVersion "1"]
[SourceVersionDate "2005.11.24"]
[SourceQuality "1"]

1. e4 c5 2. Nc3 Nc6 3. Nf3 g6 4. Bc4 Bg7 5. Ng5 e6 6. d3 Nge7 7. a3 a6 8. Ne2 Qa5+ 9. Bd2 Qb6 10. Bc3 Nd4 11. Nxd4 cxd4 12. Bd2 Nc6 13. O-O Qxb2 14. Bb3 a5 15. Qe2 a4 16. Rfb1 Qxa1 17. Rxa1 axb3 18. cxb3 O-O 19. b4 Na7 20. a4 Nb5 21. a5 d6 22. Qe1 Bd7 23. f4 e5 24. Qh4 h6 25. Nf3 Nc3 26. g3 f6 27. f5 g5 28. Qh3 Bb5 29. Ne1 Rfc8 30. Qg4 Ra6 31. Kf2 Bf8 32. h4 Be8 33. Rc1 h5 34. Qh3 g4 35. Qh1 Bb5 36. Bxc3 dxc3 37. Ke3 Bh6+ 38. Ke2 Bxc1 39. Nc2 Bb2 40. Qb1 Ba4 41. Qa2+ Kf8 42. Qxa4 Rac6 43. Kd1 Rd8 44. b5 Rc5 45. Qb4 Rc7 46. a6 b6 47. Qa4 Rdd7 48. Ne3 c2+ 49. Nxc2 Bc3 50. Ne3 Ba5 51. Nd5 Rc8 52. Ne3 Rdc7 53. Nc4 Ke7 54. Qa3 Rxc4 55. dxc4 Rxc4 56. Qb3 Rd4+ 57. Kc2 1-0

[Event "Sherbrooke op-C"]
[Site "Sherbrooke CAN"]
[Date "2004.05.28"]
[Round "1"]
[White "Rodovic, Miladin"]
[Black "Baril, Andre"]
[Result "1-0"]
[WhiteElo "1358"]
[BlackElo "998"]
[PlyCount "91"]
[GameId "2160767911225788"]
[EventDate "2004.??.??"]
[EventType "swiss"]
[EventRounds "5"]
[EventCountry "CAN"]
[SourceTitle "EXT 2006"]
[Source "ChessBase"]
[SourceDate "2005.11.24"]
[SourceVersion "1"]
[SourceVersionDate "2005.11.24"]
[SourceQuality "1"]

1. c4 e5 2. Nc3 Nf6 3. g3 c6 4. Bg2 d5 5. cxd5 cxd5 6. d4 e4 7. f3 Bf5 8. Qb3 b6 9. Bg5 Be7 10. Bxf6 Bxf6 11. Qxd5 Qxd5 12. Nxd5 Na6 13. Nxf6+ gxf6 14. fxe4 Bd7 15. a3 Rc8 16. Nf3 Nc7 17. O-O Ne6 18. Rfc1 Ng5 19. Rxc8+ Bxc8 20. Nxg5 fxg5 21. e5 O-O 22. Rc1 Rd8 23. e3 Be6 24. Rc7 Rd7 25. Rxd7 Bxd7 26. d5 Kg7 27. Bf1 h6 28. Bd3 h5 29. Kg2 b5 30. b4 a6 31. h3 Bc8 32. Be2 Bf5 33. Bxh5 Bc8 34. Bf3 Bd7 35. Bg4 Be8 36. Bc8 f6 37. e6 Kf8 38. d6 Bc6+ 39. Kf2 f5 40. e7+ Ke8 41. Bxf5 Kf7 42. e4 Kf6 43. g4 Kf7 44. e5 Ke8 45. e6 Bd5 46. Bg6# 1-0

[Event "Sherbrooke op-C"]
[Site "Sherbrooke CAN"]
[Date "2004.05.29"]
[Round "2"]
[White "Baril, Andre"]
[Black "Letourneau, Alex"]
[Result "0-1"]
[WhiteElo "998"]
[BlackElo "1386"]
[PlyCount "110"]
[GameId "2160767911225790"]
[EventDate "2004.??.??"]
[EventType "swiss"]
[EventRounds "5"]
[EventCountry "CAN"]
[SourceTitle "EXT 2006"]
[Source "ChessBase"]
[SourceDate "2005.11.24"]
[SourceVersion "1"]
[SourceVersionDate "2005.11.24"]
[SourceQuality "1"]

1. e4 c6 2. Nf3 d5 3. Nc3 dxe4 4. Nxe4 Bf5 5. d3 Bxe4 6. dxe4 Qxd1+ 7. Kxd1 Nd7 8. Bc4 O-O-O 9. Ke2 e6 10. Ng5 Nh6 11. Be3 Be7 12. Nf3 Ng4 13. Bf4 h6 14. h3 Ngf6 15. e5 Nd5 16. Bd2 Bc5 17. a3 N7b6 18. Bd3 g5 19. g3 Rd7 20. b4 Be7 21. c4 Nc7 22. a4 Rhd8 23. Ra3 Nxa4 24. Rxa4 Rxd3 25. Rxa7 Rxf3 26. Kxf3 Rxd2 27. b5 Bc5 28. b6 Bxb6 29. Raa1 Rxf2+ 30. Kg4 Rg2 31. h4 Bd4 32. Raf1 Bxe5 33. Rxf7 Rxg3+ 34. Kh5 c5 35. Kxh6 gxh4 36. Rxh4 Rg8 37. Rh3 Rh8+ 38. Rh7 Rxh7+ 39. Kxh7 Kd7 40. Rf3 b5 41. cxb5 Nxb5 42. Rb3 Kc6 43. Kg6 c4 44. Re3 Kd5 45. Kg5 c3 46. Re1 c2 47. Rc1 Na3 48. Kg4 Bb2 49. Rxc2 Nxc2 50. Kf3 e5 51. Ke2 Ke4 52. Kd2 Nd4 53. Kd1 Bc3 54. Kc1 Kd3 55. Kd1 e4 0-1

[Event "Sherbrooke op-C"]
[Site "Sherbrooke CAN"]
[Date "2004.05.29"]
[Round "2"]
[White "Belanger, Jean Sebastien"]
[Black "Olivier, Luc"]
[Result "1/2-1/2"]
[WhiteElo "1336"]
[BlackElo "1175"]
[PlyCount "106"]
[GameId "2160767911225791"]
[EventDate "2004.??.??"]
[EventType "swiss"]
[EventRounds "5"]
[EventCountry "CAN"]
[SourceTitle "EXT 2006"]
[Source "ChessBase"]
[SourceDate "2005.11.24"]
[SourceVersion "1"]
[SourceVersionDate "2005.11.24"]
[SourceQuality "1"]

1. e4 e5 2. f4 exf4 3. Nf3 Be7 4. h4 Nf6 5. d3 Nh5 6. Be2 Ng3 7. Rh2 Nxe2 8. Qxe2 Nc6 9. Bxf4 d6 10. c3 Bg4 11. Nbd2 Bxh4+ 12. Rxh4 Qxh4+ 13. Nxh4 Bxe2 14. Kxe2 O-O-O 15. Rf1 f6 16. Nf5 Rd7 17. Nc4 Ne5 18. Nce3 Ng6 19. Bh2 Re8 20. c4 b6 21. b4 a6 22. Nd5 Kb7 23. b5 a5 24. a4 Ne5 25. Rg1 h5 26. Nfe3 Ng6 27. g4 hxg4 28. Rxg4 Nf8 29. Nf5 Ne6 30. Nf4 Nc5 31. Nxg7 Rg8 32. Nfh5 Rh8 33. Bg3 Nxa4 34. Bh4 Nc5 35. Bxf6 Rh7 36. d4 Nb3 37. Rg3 a4 38. Kd3 a3 39. Kc2 a2 40. d5 Nc5 41. Rg4 Rh8 42. Kb2 Ra8 43. Rg1 Nxe4 44. Bd4 Nd2 45. Ra1 Nxc4+ 46. Kb3 Ne5 47. Rxa2 Rxa2 48. Kxa2 Rd8 49. Kb3 Ra8 50. Nf4 Ra5 51. Kb4 Ra2 52. Nfe6 Rc2 53. Bc3 Nd7 1/2-1/2

[Event "Sherbrooke op-C"]
[Site "Sherbrooke CAN"]
[Date "2004.05.29"]
[Round "2"]
[White "Belfer, Leon"]
[Black "Pronce, Christian"]
[Result "1-0"]
[WhiteElo "1390"]
[BlackElo "1190"]
[PlyCount "77"]
[GameId "2160767911225792"]
[EventDate "2004.??.??"]
[EventType "swiss"]
[EventRounds "5"]
[EventCountry "CAN"]
[SourceTitle "EXT 2006"]
[Source "ChessBase"]
[SourceDate "2005.11.24"]
[SourceVersion "1"]
[SourceVersionDate "2005.11.24"]
[SourceQuality "1"]

1. d4 d5 2. c4 e6 3. Nc3 Nf6 4. Bg5 Be7 5. Nf3 h6 6. Bh4 O-O 7. e3 Re8 8. Bd3 Nh7 9. Bxe7 Rxe7 10. b3 Nf6 11. O-O Nc6 12. Re1 e5 13. dxe5 Nxe5 14. Nxd5 Nxd5 15. cxd5 Bg4 16. Be2 Qd6 17. Nxe5 Bxe2 18. Qxe2 Rxe5 19. Red1 Rae8 20. Qc4 R8e7 21. Rd4 f5 22. g3 Kh8 23. Rc1 Qa6 24. Qc5 h5 25. Ra4 Qd3 26. Rxa7 f4 27. Qc2 Qb5 28. Ra8+ Re8 29. Rxe8+ Rxe8 30. exf4 Qxd5 31. Qxc7 Qd2 32. Rf1 Re1 33. Qxb7 Rc1 34. Rxc1 Qxc1+ 35. Kg2 Qa3 36. b4 Qxa2 37. b5 Qe6 38. Qc6 Qf5 39. b6 1-0

[Event "Sherbrooke op-C"]
[Site "Sherbrooke CAN"]
[Date "2004.05.29"]
[Round "2"]
[White "Boissonneault, Benoit"]
[Black "Plante, Marc-Eric"]
[Result "1-0"]
[WhiteElo "1414"]
[BlackElo "1269"]
[PlyCount "49"]
[GameId "2160767911225793"]
[EventDate "2004.??.??"]
[EventType "swiss"]
[EventRounds "5"]
[EventCountry "CAN"]
[SourceTitle "EXT 2006"]
[Source "ChessBase"]
[SourceDate "2005.11.24"]
[SourceVersion "1"]
[SourceVersionDate "2005.11.24"]
[SourceQuality "1"]

1. d4 Nf6 2. c4 e6 3. Nf3 b6 4. Nc3 Bb7 5. Bf4 Bb4 6. e3 Ne4 7. Qc2 O-O 8. Bd3 Bxc3+ 9. bxc3 f5 10. h4 h6 11. Nd2 Nxd2 12. Qxd2 Bxg2 13. Rg1 Qxh4 14. Rxg2 d6 15. O-O-O Nd7 16. Rdg1 Qf6 17. Rg6 Qe7 18. Bxh6 Rf7 19. e4 fxe4 20. Bxe4 d5 21. cxd5 Raf8 22. dxe6 Qa3+ 23. Kb1 Rxf2 24. Rxg7+ Kh8 25. Rh7# 1-0

[Event "Sherbrooke op-C"]
[Site "Sherbrooke CAN"]
[Date "2004.05.29"]
[Round "2"]
[White "Brousseau, Stephane"]
[Black "Marcouiller, David"]
[Result "0-1"]
[WhiteElo "1399"]
[BlackElo "1185"]
[PlyCount "84"]
[GameId "2160767911225794"]
[EventDate "2004.??.??"]
[EventType "swiss"]
[EventRounds "5"]
[EventCountry "CAN"]
[SourceTitle "EXT 2006"]
[Source "ChessBase"]
[SourceDate "2005.11.24"]
[SourceVersion "1"]
[SourceVersionDate "2005.11.24"]
[SourceQuality "1"]

1. d4 Nf6 2. Nc3 d5 3. e3 e6 4. Nge2 c5 5. g3 b6 6. Bg2 Bb7 7. O-O Be7 8. Re1 O-O 9. Nf4 a6 10. a4 Qc7 11. e4 dxe4 12. Be3 Rd8 13. Nce2 e5 14. Nh3 exd4 15. Bf4 Bd6 16. Bg5 Nbd7 17. Nef4 h6 18. Bxf6 Nxf6 19. Qe2 Rd7 20. Nh5 Nxh5 21. Qxh5 Re7 22. Re2 Re5 23. Qg4 Bc8 24. Qf4 Rh5 25. Qxe4 Rb8 26. Nf4 Bxf4 27. gxf4 Bb7 28. Qxb7 Rxb7 29. Re8+ Kh7 30. Rae1 Qxf4 31. Bxb7 Qxh2+ 32. Kf1 Rg5 33. R1e7 f5 34. Bd5 Rg1+ 35. Ke2 Qh5+ 36. Bf3 Qh3 37. Bd5 Qf1+ 38. Kf3 Qg2+ 39. Kf4 Qxd5 40. Re5 Rg4+ 41. Kxf5 Rg5+ 42. Kf4 Qf7+ 0-1

[Event "Sherbrooke op-C"]
[Site "Sherbrooke CAN"]
[Date "2004.05.29"]
[Round "2"]
[White "Gareau, Jacques"]
[Black "Belanger, Gervais"]
[Result "1-0"]
[WhiteElo "1252"]
[BlackElo "1068"]
[PlyCount "129"]
[GameId "2160767911225796"]
[EventDate "2004.??.??"]
[EventType "swiss"]
[EventRounds "5"]
[EventCountry "CAN"]
[SourceTitle "EXT 2006"]
[Source "ChessBase"]
[SourceDate "2005.11.24"]
[SourceVersion "1"]
[SourceVersionDate "2005.11.24"]
[SourceQuality "1"]

1. e4 c6 2. d4 d5 3. e5 Bf5 4. f3 e6 5. h4 h6 6. g4 Bh7 7. Be3 Nd7 8. Bd3 Bxd3 9. Qxd3 c5 10. c3 c4 11. Qc2 Be7 12. Bf2 b5 13. Nd2 Qc8 14. f4 Bd8 15. Ngf3 Ne7 16. O-O-O a5 17. Bg3 b4 18. h5 bxc3 19. Qxc3 Nb6 20. Qc2 Qd7 21. Bh4 a4 22. a3 Nbc8 23. Rdg1 Bb6 24. Rg2 Na7 25. Rhg1 Nac6 26. Bf2 Qa7 27. Be3 Nxd4 28. Nxd4 Bxd4 29. Bxd4 Qxd4 30. Rf1 O-O 31. f5 Qxe5 32. Nf3 Qe3+ 33. Qd2 Qxd2+ 34. Nxd2 e5 35. g5 Kh8 36. f6 gxf6 37. Rxf6 Ng8 38. Rd6 Rad8 39. Ra6 Ra8 40. Rxa8 Rxa8 41. Nf3 Re8 42. Kd2 Kh7 43. Nh4 hxg5 44. Rxg5 Nh6 45. Nf3 f6 46. Rg6 Rf8 47. Nh4 d4 48. Nf3 Ng4 49. Rxg4 Rg8 50. Rxg8 Kxg8 51. Nh4 Kg7 52. Nf5+ Kh7 53. Nd6 Kh6 54. Nxc4 Kxh5 55. Nb6 Kg4 56. Nd7 Kf5 57. Kd3 Kg5 58. Nc5 f5 59. b4 axb3 60. Nxb3 f4 61. Ke4 Kg4 62. Nd2 Kg3 63. a4 f3 64. Nxf3 d3 65. Nd2 1-0

[Event "Sherbrooke op-C"]
[Site "Sherbrooke CAN"]
[Date "2004.05.29"]
[Round "2"]
[White "Morin, Louis2"]
[Black "Allen, Marc-Antoine"]
[Result "0-1"]
[WhiteElo "1915"]
[BlackElo "1451"]
[PlyCount "78"]
[GameId "2160767911225800"]
[EventDate "2004.??.??"]
[EventType "swiss"]
[EventRounds "5"]
[EventCountry "CAN"]

1. e4 e5 2. Nf3 Nf6 3. d4 exd4 4. Nxd4 Nxe4 5. Bd3 Nf6 6. O-O Be7 7. c4 O-O 8. Bg5 Nc6 9. Nxc6 bxc6 10. Qb3 d5 11. Nc3 Be6 12. Rad1 Qd6 13. Qc2 Ng4 14. g3 Bxg5 15. Bxh7+ Kh8 16. Bf5 Bf6 17. cxd5 cxd5 18. Nb5 Bxf5 19. Qxf5 Qc6 20. Nd4 Bxd4 21. Qxg4 Bf6 22. Rc1 Qd6 23. Rfd1 c6 24. Qa4 c5 25. h4 Bxb2 26. Rb1 Bd4 27. Qc2 Qxg3+ 28. Kh1 Qxh4+ 29. Kg2 Qg5+ 30. Kf3 Qf6+ 31. Kg4 Qg6+ 32. Kf3 Qxc2 33. Rh1+ Kg8 34. Rbf1 Qe4+ 35. Kg3 Be5+ 36. f4 Bxf4+ 37. Kg4 f5+ 38. Kh4 Rf6 39. Kh5 Rh6# 0-1